Statistics for Car brands #4

Click here to take the quiz!

General Stats

  • This quiz has been taken 43 times
    (41 since last reset)
  • The average score is 6 of 7

Answers on the Map

Answers color-coded by a green-red scale on the quiz's map according to % correct below.
 

Answer Stats

Answer% Correct
Audi
93%
Ferrari
89%
Land Rover
89%
Lincoln
86%
Maybach
71%
Smart
68%
Isuzu
64%

Score Distribution

Percentile by Number Answered

Percent of People with Each Score

Your Score History

You have not taken this quiz since the last reset